00858nam a22002417a 4500003000400000005001700004008004100021020004100062040003100103050001400134100003200148245010500180260003800285300004500323336002400368337002800392338002500420440003300445504004100478650002500519650004100544650003100585OSt20250820102138.0250707b |||||||| |||| 00| 0 eng d a9783031226649 (Paperback)cUSD 50.00 aNUSTbengcNUSTdNUSTerda aQA297 KUM aKumar, C. S. NikhileAuthor aMagnetic devices :bnumerical modelling and micromagnetic simulation approach /cC. S. Nikhil Kumar. aSwitzerland :bSpringer,c©2023. axii, 81 pages :bIllustrations ;c24 cm. 2rdamediaatextbtxt 2rdamediaaunmediatedbn 2rdamediaavolumebnc aSpringerBriefs in materials. aIncludes bibliographical references. vEDUCATION General. vMATHEMATICS Mathematical Analysis. v Science Mathematics.